[Event "IRI-ch U18"]
[Site "Chess.com INT"]
[Date "2021.01.26"]
[Round "2"]
[White "Ghasemi, Abdollah"]
[Black "Jalali, Hirbod"]
[Result "1-0"]
[WhiteElo "1799"]
[BlackElo "1106"]
[PlyCount "129"]
[EventDate "2021.01.26"]
[EventType "swiss"]
[EventRounds "9"]
[EventCountry "IRI"]
[SourceTitle "CBM 200 Extra"]
[Source "ChessBase"]
[SourceDate "2021.03.31"]
[SourceVersion "1"]
[SourceVersionDate "2021.03.31"]
[SourceQuality "1"]

1. e4 e5 2. Nf3 Nc6 3. d4 d6 4. dxe5 dxe5 5. Qxd8+ Kxd8 6. Bc4 Ke8 7. Nc3 Nf6 8. 0-0 Bg4 9. Ng5 Bb4 10. Bxf7+ Kf8 11. Bd5 h6 12. Ne6+ Bxe6 13. Bxe6 Bxc3 14. bxc3 Nxe4 15. Ba3+ Ke8 16. c4 Nf6 17. Rfe1 Rd8 18. Rab1 b6 19. c5 e4 20. Bf5 Rd4 21. cxb6 axb6 22. Bb2 Rb4 23. Bxf6 Rxb1 24. Rxb1 gxf6 25. Bxe4 Na5 26. Rd1 Ke7 27. Rd5 Rd8 28. Rxd8 Kxd8 29. f4 Ke7 30. Kf2 Nc4 31. Kg3 Nd6 32. Bd3 f5 33. Kh4 Kf6 34. Kh5 Kg7 35. h3 c5 36. g4 fxg4 37. hxg4 c4 38. Bg6 b5 39. g5 hxg5 40. fxg5 b4 41. c3 b3 42. a4 Nb7 43. Bf5 b2 44. Bc2 Na5 45. Kg4 Nb3 46. Kf4 Kf7 47. Ke5 Na1 48. Bf5 Nb3 49. Kd6 Kg7 50. Kc7 Na5 51. Kb6 Nb3 52. a5 Nxa5 53. Kxa5 Kf7 54. Kb4 Ke7 55. Kxc4 Kd6 56. Kb3 Ke5 57. Bc2 b1Q+ 58. Bxb1 Ke6 59. Kc4 Ke7 60. Kd5 Kd7 61. g6 Ke7 62. Ke5 Kf8 63. Kf6 Kg8 64. Ba2+ Kh8 65. g7+ 1-0

[Event "IRI-ch U18"]
[Site "Chess.com INT"]
[Date "2021.01.26"]
[Round "3"]
[White "Jalali, Hirbod"]
[Black "Baymani, Mohsen"]
[Result "0-1"]
[WhiteElo "1106"]
[BlackElo "1452"]
[PlyCount "66"]
[EventDate "2021.01.26"]
[EventType "swiss"]
[EventRounds "9"]
[EventCountry "IRI"]
[SourceTitle "CBM 200 Extra"]
[Source "ChessBase"]
[SourceDate "2021.03.31"]
[SourceVersion "1"]
[SourceVersionDate "2021.03.31"]
[SourceQuality "1"]

1. e4 c5 2. Nf3 d6 3. d4 cxd4 4. Nxd4 Nf6 5. Nc3 g6 6. Bg5 Bg7 7. Qf3 0-0 8. Bd3 Nc6 9. Nxc6 bxc6 10. 0-0 Rb8 11. b3 h6 12. Bxf6 Bxf6 13. Be2 Qa5 14. Na4 Bxa1 15. Rxa1 Ba6 16. Bxa6 Qxa6 17. Qe3 Kh7 18. Nc3 Qb6 19. Qg3 f5 20. e5 f4 21. Qg4 Qd4 22. Qf3 dxe5 23. Rd1 Qb6 24. Qe4 Rbd8 25. Rxd8 Rxd8 26. Qxe5 Qb4 27. h3 Qd6 28. Qa5 f3 29. g3 Qd2 30. Qxa7 Qe1+ 31. Kh2 Rd2 32. Nd1 Rxd1 33. g4 Qg1# 0-1